Vienna U-Bahn Pt. 3 - Statistics

General Stats
  • This quiz has been taken 14 times
  • The average score is 9 of 15
Answer Stats
Hint Answer % Correct
Friedensbrücke U4
82%
Alser Straße U6
82%
Alaudagasse U1
73%
Kagran U1
73%
Krieau U2
73%
Herrengasse U3
73%
Aspern Nord U2
64%
Handelskai U6
64%
Jägerstraße U6
64%
Großfeldsiedlung U1
55%
Enkplatz U3
55%
Braunschweiggasse U4
55%
Meidling Hauptstraße U4
55%
Hardeggasse U2
45%
Kardinal-Nagl-Platz U3
27%
No matching quizzes found
Score Distribution
Percent of People with Each Score
Percentile by Number Answered
Your Score History
You have not taken this quiz